[Event "Adelaide Freytag op"]
[Site "Adelaide"]
[Date "2009.07.05"]
[Round "5"]
[White "Cameron, Alistair"]
[Black "Regoeng, Rapula"]
[Result "1-0"]
[WhiteElo "1671"]
[BlackElo "1685"]
[PlyCount "120"]
[EventDate "2009.07.04"]
[EventType "swiss"]
[EventRounds "7"]
[EventCountry "AUS"]
[SourceTitle "EXT 2023"]
[Source "ChessBase"]
[SourceDate "2022.10.05"]
[SourceVersion "1"]
[SourceVersionDate "2022.10.05"]
[SourceQuality "1"]

1. d4 d5 2. c4 e6 3. Nc3 Nf6 4. cxd5 exd5 5. Bg5 Be7 6. e3 c6 7. Bd3 Nbd7 8. Qc2 a6 9. Nge2 Nf8 10. 0-0-0 h6 11. Bh4 Ne6 12. Kb1 0-0 13. h3 c5 14. dxc5 Nxc5 15. Bc4 dxc4 16. Rxd8 Rxd8 17. Bxf6 Bxf6 18. Ne4 Nxe4 19. Qxe4 Be6 20. Nd4 Bxd4 21. exd4 Rd5 22. g4 Rad8 23. Rd1 R8d6 24. f3 Rc5 25. Qe3 Rb6 26. Rd2 Rd5 27. Qc3 Rc6 28. Kc1 Rd7 29. f4 f5 30. gxf5 Bxf5 31. d5 Rcd6 32. Qxc4 Bxh3 33. b3 Bf5 34. Kb2 h5 35. Qc8+ Kh7 36. Qe8 Bg6 37. Qe5 Bf7 38. Qe4+ g6 39. f5 gxf5 40. Qxf5+ Bg6 41. Qg5 b6 42. Re2 Rxd5 43. Re7+ Rxe7 44. Qxe7+ Kh6 45. Qe3+ Rg5 46. Qxb6 a5 47. Qf2 Rg4 48. Qf8+ Kh7 49. Qe7+ Kh6 50. Qe3+ Kh7 51. Qa7+ Kh6 52. Qxa5 h4 53. Qd2+ Kh5 54. Qd5+ Rg5 55. Qf3+ Kh6 56. a4 Rg3 57. Qf4+ Kh5 58. Ka3 Bc2 59. Qe5+ Kg4 60. Qe2+ Rf3 1-0

[Event "Adelaide Interclub-A"]
[Site "Adelaide"]
[Date "2009.05.05"]
[Round "1.3"]
[White "Regoeng, Rapula"]
[Black "Walshe, D Bradley"]
[Result "1-0"]
[WhiteElo "1685"]
[BlackElo "1665"]
[PlyCount "85"]
[EventDate "2009.05.05"]
[EventType "team-tourn"]
[EventRounds "9"]
[EventCountry "AUS"]
[SourceTitle "EXT 2023"]
[Source "ChessBase"]
[SourceDate "2022.10.05"]
[SourceVersion "1"]
[SourceVersionDate "2022.10.05"]
[SourceQuality "1"]

1. e4 d5 2. exd5 Qxd5 3. Nf3 Bg4 4. Be2 Nf6 5. d4 Nc6 6. 0-0 e6 7. c4 Qh5 8. Bf4 Be7 9. Bxc7 0-0 10. h3 Bxh3 11. gxh3 Qxh3 12. Nc3 Rac8 13. Bg3 Rfd8 14. Qd2 Bd6 15. Bxd6 Rxd6 16. Qf4 Rcd8 17. Rad1 Nd5 18. cxd5 exd5 19. Nh2 Rg6+ 20. Ng4 h5 21. Rd3 Qh4 22. Rg3 hxg4 23. Rxg4 Rxg4+ 24. Qxg4 Qf6 25. Rd1 Rd6 26. Bf3 Qd8 27. Bg2 Rg6 28. Qf3 Ne7 29. Re1 Rf6 30. Qe2 Re6 31. Qd1 Rg6 32. Re5 Qd7 33. Qf3 Rf6 34. Qh3 Qc7 35. Rh5 Ng6 36. Rf5 Re6 37. Nxd5 Re1+ 38. Bf1 Qc4 39. Ne3 Qxd4 40. Rd5 Qb6 41. Qc8+ Nf8 42. Rd8 Qg6+ 43. Ng2 1-0